Central Library OPAC University of Rajshahi

The golden bough : (Record no. 31291)

MARC details
000 -LEADER
fixed length control field 00850nam a2200289 a 4500
001 - CONTROL NUMBER
control field 31291
003 - CONTROL NUMBER IDENTIFIER
rucl marc code BD-RjUL
005 - DATE AND TIME OF LATEST TRANSACTION
control field 20211209051700.0
008 - FIXED-LENGTH DATA ELEMENTS--GENERAL INFORMATION
fixed length control field 140415r19631922enk 001 0 eng d
020 ## - INTERNATIONAL STANDARD BOOK NUMBER
International Standard Book Number 0333059107
035 ## - SYSTEM CONTROL NUMBER
System control number (BD-RjUL)31378
040 ## - CATALOGING SOURCE
Original cataloging agency DLC
Language of cataloging eng
Transcribing agency DLC
Modifying agency BD-RjUL
041 ## - LANGUAGE CODE
Language code of text/sound track or separate title eng
082 04 - DEWEY DECIMAL CLASSIFICATION NUMBER
Classification number 201.3
Author mark and year FRG 1963
Edition number 23
100 1# - MAIN ENTRY--PERSONAL NAME
Personal name Frazer, James George,
Dates associated with a name 1854-1941.
9 (RLIN) 95226
245 14 - TITLE STATEMENT
Title The golden bough :
Remainder of title a study in magic and religion /
Statement of responsibility, etc. by James George Frazer.
250 ## - EDITION STATEMENT
Edition statement Abridged ed.
260 ## - PUBLICATION, DISTRIBUTION, ETC. (IMPRINT)
Place of publication, distribution, etc. London :
Name of publisher, distributor, etc. Macmillan,
Date of publication, distribution, etc. 1922 [reprinted 1963].
300 ## - PHYSICAL DESCRIPTION
Pagination xiv, 756 p. :
Illustrations ill. ;
Size 23 cm.
500 ## - GENERAL NOTE
General note Includes index.
650 #0 - SUBJECT ADDED ENTRY--TOPICAL TERM
Topical term or geographic name as entry element Mythology.
9 (RLIN) 95227
Topical term or geographic name as entry element Diana (Roman deity)
9 (RLIN) 95228
Topical term or geographic name as entry element Religion.
9 (RLIN) 95229
Topical term or geographic name as entry element Magic.
9 (RLIN) 95230
Topical term or geographic name as entry element Superstition.
9 (RLIN) 95231
942 ## - ADDED ENTRY ELEMENTS (KOHA)
Source of classification or shelving scheme Dewey Decimal Classification
Koha item type Books
Holdings
Lost status Source of classification or shelving scheme Damaged status Not for loan Collection code Permanent Location Current Location Shelving location Date acquired Source of acquisition Cost, normal purchase price Total Checkouts Full call number Date last seen Date checked out Copy number Koha item type
  Dewey Decimal Classification     Non-fiction Central Library, University of Rajshahi Central Library, University of Rajshahi   27/09/1965 zeithinger 35.00 1 201.3 FRG 1963 11/07/2018 28/06/2018 C-3 Books
  Dewey Decimal Classification   Not For Loan Non-fiction Central Library, University of Rajshahi Central Library, University of Rajshahi Reading Room 07/06/1965 Oreentalia 3.95   201.3 FRG 1947 15/04/2014   C-1 Books
  Dewey Decimal Classification     Non-fiction Central Library, University of Rajshahi Central Library, University of Rajshahi   08/09/1967 switch and zethinger 42.00 1 201.3 FRG 1963 04/05/2017 27/04/2017 C-5 Books
  Dewey Decimal Classification     Non-fiction Central Library, University of Rajshahi Central Library, University of Rajshahi   27/09/1965 zeithinger 35.00   201.3 FRG 1963 15/04/2014   C-2 Books